|
|
|
|
| LEADER |
00000cam a2200000 7i4500 |
| 001 |
0000000513 |
| 005 |
20000824.0 |
| 090 |
0 |
0 |
|a 551.30209595123
|b VT 2000
|
| 110 |
1 |
0 |
|a VT Soil Erosion Research & Consultancy
|
| 245 |
1 |
0 |
|a Soil erosion assessment (Hillslope development) :
|b Cadangan pembinaan di atas lot 50, Seksyen 3, Mukim Brinchang, Cameron Highlands, Pahang Darul Makmur
|c VT Soil Erosion Research & Consultancy
|
| 260 |
0 |
0 |
|a Subang Jaya, Selangor :
|b VT Soil Erosion Research & Consultancy ,
|c 2000
|
| 300 |
|
|
|a 16 p., [56]p. :
|b col. ill. ;
|c 30 cm.
|
| 500 |
0 |
0 |
|a Bibliography: [p. 16]
|
| 650 |
0 |
0 |
|a Soil conservation
|z Cameron Highlands, Pahang
|
| 650 |
0 |
0 |
|a Soil erosion
|z Cameron Highlands, Pahang
|
| 999 |
|
|
|a 0000001297
|b Monograph
|c Open Shelf
|e Default branch
|